| 000 | 01545nam a2200301Ia 4500 | ||
|---|---|---|---|
| 001 | ebr10120525 | ||
| 003 | CaPaEBR | ||
| 006 | m u | ||
| 007 | cr cn||||||||| | ||
| 008 | 050804s2005 ph sb 000 0 eng d | ||
| 020 | _z1552501817 (electronic bk.) | ||
| 040 |
_aCaPaEBR _cCaPaEBR |
||
| 035 | _a(OCoLC)568468037 | ||
| 050 | 1 | 4 |
_aS494.5.S86 _bU64 2005eb |
| 082 | 0 | 4 |
_a631.58 _222 |
| 245 | 0 | 0 |
_aUnderstanding participatory research and development _h[electronic resource] / _cedited by Julian Gonsalves ... [et al.]. |
| 260 |
_aLaguna, Philippines : _bInternational Potato-Center Users' Perspectives With Agricultural Research and Development ; _aOttawa, ON : _bInternational Development Research Centre, _cc2005. |
||
| 300 | _axxi, 248 p. | ||
| 490 | 0 |
_aParticipatory research and development for sustainable agriculture and natural resource management: a sourcebook ; _vvolume 1, |
|
| 504 | _aIncludes bibliographical references. | ||
| 533 |
_aElectronic reproduction. _bPalo Alto, Calif. : _cebrary, _d2009. _nAvailable via World Wide Web. _nAccess may be limited to ebrary affiliated libraries. |
||
| 650 | 0 |
_aConservation of natural resources _xManagement _xResearch _xCitizen participation. |
|
| 650 | 0 |
_aSustainable agriculture _xManagement _xResearch _xCitizen participation. |
|
| 655 | 7 |
_aElectronic books. _2local |
|
| 700 | 1 |
_aGonsalves, Julian F., _d1949- |
|
| 710 | 2 | _aebrary, Inc. | |
| 856 | 4 | 0 |
_uhttp://site.ebrary.com/lib/rucke/Doc?id=10120525 _zAn electronic book accessible through the World Wide Web; click to view |
| 999 |
_c215948 _d215948 |
||